[Event "Hasselbacken Open 2021"]
[Site "Stockholm"]
[Date "2021.11.05"]
[Round "1.3"]
[White "Skjoldebrand, Martin"]
[Black "Pantzar, Milton"]
[Result "0-1"]
[WhiteElo "1864"]
[BlackElo "2441"]
[Annotator "TA"]
[PlyCount "68"]
[EventDate "2021.11.05"]
[EventType "swiss"]
[EventCountry "SWE"]
[SourceTitle "playchess.com"]
[Source "ChessBase"]
[SourceQuality "1"]

{[%evp 19,68,-6,-6,-27,-10,-62,-73,-76,-62,-72,-69,-130,-55,-54,-37,-37,-31,
-44,-14,-34,-12,-47,-15,-31,-40,-55,-63,-156,-151,-136,-115,-141,-145,-128,
-128,-118,-105,-117,-123,-257,-231,-413,-402,-397,-363,-493,-502,-518,-507,
-685,-672]} 1. d4 d5 2. c4 e6 3. Nf3 Nf6 4. g3 b6 {[%cal Bb7b6,Bb6b5,Bb5b4]
[%mdl 32]} 5. Bg2 Bb7 6. O-O dxc4 7. Qa4+ Nbd7 8. Qxc4 a6 9. Nc3 b5 10. Qd3 c5
11. Rd1 {D43: Semi-Slav: 5 Bg5 h6.} c4 {[#]} 12. Qd2 $146 (12. Qc2 $1 $11) ({
Predecessor:} 12. Qc2 b4 13. Na4 Be4 14. Qd2 Rc8 15. a3 a5 16. Ne1 Be7 17. Bxe4
Nxe4 18. Qf4 {0-1 (31) Agdestein,S (2588)-Jussupow,A (2570) Wolvega 2008})
12... b4 $15 13. Na4 {[#]Black is better.} Qa5 $1 {[%cal Ra5a4]} 14. b3 c3 15.
Qg5 (15. Qe3 $15) 15... Qxg5 (15... Qb5 $17 16. Be3 Qxe2) 16. Bxg5 Rc8 17. Bxf6
gxf6 18. Ne1 Bxg2 19. Kxg2 Bd6 20. Nc2 a5 21. Rac1 f5 22. Ne3 Ke7 23. f4 (23.
Nc4 $15) 23... Nf6 24. Nb6 Rc7 25. d5 Ne4 26. Nbc4 Ra8 27. Nxd6 Nxd6 28. Rd4
Nb5 29. Rc4 {[#] Now White is beyond hope.} (29. Rdd1 $17 {was necessary.})
29... Rxc4 $1 $19 30. bxc4 (30. Nxc4 {was forced.} a4 31. Rd1) 30... Nd6 31. c5
Ne4 32. d6+ Kd7 {Black is clearly winning.} 33. Nc4 {Nb6+ is the strong threat.
} Kc6 34. Nb6 Rd8 {Weighted Error Value: White=0.43/Black=0.09} 0-1

[Event "Hasselbacken Open 2021"]
[Site "Stockholm"]
[Date "2021.11.05"]
[Round "3.1"]
[White "Tuomainen, Felix"]
[Black "Westerberg, Jonathan"]
[Result "1-0"]
[WhiteElo "2224"]
[BlackElo "2495"]
[Annotator "TA"]
[PlyCount "57"]
[EventDate "2021.11.05"]
[EventType "swiss"]
[EventCountry "SWE"]
[SourceTitle "playchess.com"]
[Source "ChessBase"]
[SourceQuality "1"]

{[%evp 16,57,21,0,16,7,46,35,47,48,56,56,63,52,89,84,98,108,100,106,125,101,
145,145,268,253,253,240,332,331,339,296,704,702,693,685,729,721,689,653,1173,
1081,29998,29999]} 1. d4 Nf6 2. c4 c5 3. d5 g6 4. Nc3 Bg7 5. e4 d6 6. h3 O-O 7.
Be3 e6 8. Nf3 exd5 9. cxd5 Re8 {A70: Modern Benoni: 6 e4 g6 7 Nf3.} 10. Nd2 b6
{[#]} 11. Be2 $146 ({Predecessor:} 11. Bb5 Re7 12. a4 Na6 13. O-O Nb4 14. Re1
h6 15. Ra3 Kh7 16. Qb1 Rb8 17. Bf1 {1-0 (58) Miedema,D (2371)-Bauer,T (2184)
Vienna 2019}) 11... Ba6 {White is slightly better.} 12. O-O Bxe2 13. Qxe2 a6
14. a4 $1 Ra7 15. Ra3 Rb7 16. Rb3 Qd7 17. Re1 Re7 18. Qd3 Ne8 19. Bg5 Bxc3 (
19... Bf6 $16) 20. Qxc3 $18 ({Weaker is} 20. Rxc3 f6 $16) 20... f6 21. Bxf6 Rf7
22. Bg5 Qxa4 23. e5 dxe5 $2 {[#]} (23... Qd4 24. Qxd4 cxd4) 24. Qxe5 Ng7 25.
Rf3 Rxf3 26. Nxf3 Qd7 27. Bf6 Nf5 28. Ng5 {[#] White threatens Qe8+ and mate.}
h6 29. Qe8+ {[%mdl 64] Back Rank. Black got outplayed after the opening.
Weighted Error Value: White=0.03/Black=0.54} 1-0

[Event "Hasselbacken Open 2021"]
[Site "Stockholm"]
[Date "2021.11.05"]
[Round "4.7"]
[White "Soppela, Toni"]
[Black "Stefansson, Vignir Vatnar"]
[Result "0-1"]
[WhiteElo "1975"]
[BlackElo "2432"]
[Annotator "TA"]
[PlyCount "58"]
[EventDate "2021.11.05"]
[EventType "swiss"]
[EventCountry "SWE"]
[SourceTitle "playchess.com"]
[Source "ChessBase"]
[SourceQuality "1"]

{[%evp 13,58,-6,-6,-10,-10,-8,-16,-8,-10,-16,-9,-26,0,-14,0,-13,0,-1,-6,-26,12,
-10,14,4,32,0,12,0,0,0,16,16,16,0,-3,-6,0,-130,-132,-129,-80,-102,-92,-322,
-321,-311,-304]} 1. d4 Nf6 2. c4 e6 3. Nc3 Bb4 4. e3 O-O 5. Nge2 Re8 6. a3 Bf8
7. Ng3 d5 8. Bd3 {E46: Nimzo-Indian: Rubinstein: 4 e3 0-0 5 Ne2 without early
Bd3.} dxc4 9. Bxc4 c5 10. dxc5 {The position is equal.} Qxd1+ 11. Nxd1 Bxc5 12.
b4 Bd6 13. Bb2 {[#]} a6 $146 ({Predecessor:} 13... Nbd7 14. O-O a5 15. bxa5
Rxa5 16. Nc3 Be5 17. Be2 Nc5 18. f4 Bc7 19. Nb5 Bb8 {1/2-1/2 (48) Mohammad,N
(2408)-Hammer,J (2630) Chess.com INT 2017}) 14. f3 b5 15. Be2 Bb7 16. e4 {
[#] Threatens to win with e5.} Nbd7 17. Ne3 Rac8 18. Kf2 Bf4 19. Rac1 h5 20.
Rhd1 h4 {[#] Strongly threatening ...Rxc1.} 21. Ngf1 Be5 22. Bxe5 Nxe5 23. g3
hxg3+ 24. hxg3 g5 25. f4 (25. Nd2 $11) 25... Nxe4+ 26. Ke1 gxf4 27. gxf4 Ng6
28. f5 (28. Rxc8 $17 Rxc8 29. f5) 28... exf5 $19 29. Rxc8 Bxc8 {Weighted Error
Value: White=0.39/Black=0.10} 0-1

[Event "Hasselbacken Open 2021"]
[Site "Stockholm"]
[Date "2021.11.05"]
[Round "1.5"]
[White "Iminov, Bachtiar"]
[Black "Akesson, Ralf"]
[Result "0-1"]
[WhiteElo "1848"]
[BlackElo "2385"]
[Annotator "TA"]
[PlyCount "90"]
[EventDate "2021.11.05"]
[EventType "swiss"]
[EventCountry "SWE"]
[SourceTitle "playchess.com"]
[Source "ChessBase"]
[SourceQuality "1"]

{[%evp 15,90,16,23,0,-1,5,-3,0,0,-6,0,-3,-2,-58,-48,-48,-39,-85,-102,-147,-139,
-141,-120,-120,-118,-118,-109,-112,-102,-124,-116,-117,-112,-144,-143,-164,
-172,-201,-210,-220,-203,-210,-170,-250,-260,-293,-235,-339,-186,-302,-255,
-303,-262,-224,-220,-368,-356,-561,-557,-527,-505,-474,-454,-441,-433,-436,
-420,-701,-688,-743,-741,-720,-711,-993,-905,-835,-772]} 1. d4 Nf6 2. Nf3 e6 3.
e3 c5 4. Bd3 b6 5. O-O Bb7 6. Nbd2 cxd4 7. exd4 Be7 8. Qe2 O-O 9. Ne4 {A47: 1
d4 Nf6 2 Nf3 b6: Torre, London and Colle Systems.} Nxe4 10. Bxe4 Bxe4 11. Qxe4
{The position is equal.} d5 12. Qg4 Nc6 13. c3 b5 {[#]} 14. Ne5 $146 (14. Bd2
$11) ({Predecessor:} 14. Re1 Rc8 15. a3 a5 16. Bh6 Bf6 17. Bg5 Bxg5 18. Nxg5 h6
19. Nh3 b4 20. axb4 axb4 {0-1 (37) Bogdanovich,G (2375)-Akesson,R (2505)
Copenhagen 1996}) 14... Nxe5 $15 15. dxe5 {With the idea Bh6!} Qc7 16. Bh6 {
[%csl Gh6][%cal Rg4g7]} Qxe5 17. f4 {[#]} f5 $1 {[%mdl 512] ...Qe3+ is the
strong threat.} 18. Qg3 Qf6 19. Bg5 Bc5+ 20. Kh1 Qg6 21. Qd3 Rab8 {[%cal Ba8b8,
Bb8b4,Bb4e4][%mdl 32]} 22. Rf3 h6 23. Bh4 Rfc8 24. Rg3 {[#]} Qf7 25. Rf3 b4 26.
cxb4 Rxb4 27. b3 Bd6 28. Qa6 Qc7 29. Re1 (29. Bf2 $142) 29... Re4 $19 30. Ref1
Kh7 31. Be1 (31. Bg3 $142) 31... Qd7 (31... Bxf4 $142 32. g3 (32. Rxf4 $2 Rxf4
33. Rg1 Qd7 $19) 32... Be3) 32. h3 (32. Qd3 {keeps fighting.}) 32... Rc6 33.
Qb5 a6 34. Qd3 Qc7 {[%cal Rd6f4]} 35. Bc3 (35. Bd2 $142) 35... Bxf4 36. Bxg7 (
36. Bd4 {was called for.}) 36... Kxg7 (36... Qxg7 $2 37. Rxf4 Qe5 38. Rxe4 $19)
37. Rxf4 Rxf4 38. Qg3+ {[#]} Rg4 $3 39. Qxc7+ Rxc7 40. hxg4 fxg4 {KR-KR} 41.
Rf4 (41. a4 $142) 41... h5 {Black is clearly winning.} 42. Kh2 Kg6 43. Ra4 Rc6
44. Rf4 e5 45. Rf8 d4 {White did not feel at home in the position after the
opening.  Weighted Error Value: White=0.52/Black=0.13} 0-1

[Event "Hasselbacken Open 2021"]
[Site "Stockholm"]
[Date "2021.11.05"]
[Round "3.2"]
[White "Seo, Jung Min"]
[Black "Solberg, Joachim"]
[Result "1-0"]
[WhiteElo "2455"]
[BlackElo "2222"]
[Annotator "TA"]
[PlyCount "83"]
[EventDate "2021.11.05"]
[EventType "swiss"]
[EventCountry "SWE"]
[SourceTitle "playchess.com"]
[Source "ChessBase"]
[SourceQuality "1"]

{[%evp 14,83,14,0,47,8,14,-5,-5,0,0,-4,4,0,0,-17,0,-3,8,1,22,22,29,20,27,12,28,
25,29,22,27,27,39,41,68,70,69,44,69,59,41,30,105,96,130,106,106,106,118,113,
110,100,81,78,223,233,514,456,2377,1930,3062,2758,29974,6024,29975,29977,29977,
29978,29978,29978,29978,12257]} 1. e4 c5 2. Nf3 Nc6 3. Bb5 e6 4. O-O Nge7 5. c3
a6 6. Be2 d5 7. exd5 Nxd5 8. d4 Nf6 {B30: Sicilian: 2...Nc6 3 Bb5, lines
without ...g6.} 9. Be3 cxd4 10. Nxd4 Bd7 {The position is equal.} 11. Bf3 Qc7
12. Nd2 {[#]} Bd6 $146 ({Predecessor:} 12... Ne5 13. Bg5 Nxf3+ 14. Qxf3 Be7 15.
Rfe1 Nd5 16. Ne4 Bxg5 17. Nxg5 O-O 18. Qd3 Nf6 19. Ngf3 Rad8 20. h3 Bc8 21.
Rad1 {1/2-1/2 (21) Baklan,V (2647)-Iljin,T (2440) Alushta 2008}) 13. h3 Ne5 14.
Bg5 (14. Be4 $5) 14... Nxf3+ 15. Qxf3 Be7 16. Rfe1 (16. Rad1 {feels hotter.}
O-O 17. Ne4 Nd5 18. Bxe7 Nxe7 19. Qg3) 16... Bc6 (16... Nd5 {seems wilder.} 17.
Bxe7 Nxe7 18. Rad1 O-O 19. Qg3 Qxg3 20. fxg3 Rac8) 17. Nxc6 Qxc6 18. Qxc6+ bxc6
19. Bxf6 gxf6 20. Nc4 O-O-O 21. Rad1 Kc7 22. Kf1 Rxd1 23. Rxd1 Rd8 24. Rxd8
Bxd8 $14 {[%mdl 4096] Endgame KB-KN} 25. Ke2 Be7 26. Kd3 Bc5 27. f3 Kd7 (27...
f5 $11 {keeps the balance.}) 28. g4 Ke7 29. b4 Ba7 30. Na5 Kd6 31. Kc4 Kc7 32.
a4 {[%cal Ba2a4,Ba4a5][%mdl 32]} Bb6 {[#]} 33. Nb3 $1 Be3 {Loses the game.} (
33... Kd6 $16 {is a better defense.}) 34. Nc5 $18 Bf2 $2 (34... a5 35. bxa5 h6)
35. a5 Bxc5 (35... Kb8 $142 36. Nxa6+ Ka7) 36. Kxc5 {KP-KP} f5 37. gxf5 exf5
38. c4 (38. f4 $142 h6 39. c4 h5 40. h4 f6 41. b5 cxb5 42. cxb5 Kb7 43. b6)
38... f6 39. f4 {White mates.} h6 40. h4 h5 41. b5 cxb5 42. cxb5 {Weighted
Error Value: White=0.08/Black=0.69} 1-0

[Event "Hasselbacken Open 2021"]
[Site "Stockholm"]
[Date "2021.11.05"]
[Round "4.8"]
[White "Johannsson, Birkir Isak"]
[Black "Akesson, Ralf"]
[Result "1/2-1/2"]
[WhiteElo "2109"]
[BlackElo "2385"]
[Annotator "TA"]
[PlyCount "128"]
[EventDate "2021.11.05"]
[EventType "swiss"]
[EventCountry "SWE"]
[SourceTitle "playchess.com"]
[Source "ChessBase"]
[SourceQuality "1"]

{[%evp 15,128,13,22,20,26,25,28,21,19,25,26,29,48,47,33,35,61,18,69,40,105,102,
93,80,118,34,34,34,34,40,31,29,43,7,85,82,111,112,113,93,110,91,95,69,85,93,98,
100,113,118,145,139,126,122,154,142,152,88,168,127,169,129,141,58,181,173,332,
283,495,491,491,416,333,85,85,85,84,8,8,0,0,0,8,8,8,0,0,0,0,0,0,0,0,0,0,-8,-8,
-8,-8,-8,0,0,-8,-8,-8,-8,-8,-8,0,0,0,-8,-8,-8,-8]} 1. c4 Nf6 2. Nc3 c5 3. Nf3
e6 4. g3 b6 5. Bg2 Bb7 6. O-O Be7 7. Re1 d5 8. cxd5 Nxd5 9. Nxd5 {A30:
Symmetrical English: Double Fianchetto and Hedgehog.} Qxd5 10. d4 {10.e4
injects fresh life into this line.} cxd4 11. Qxd4 {White has an edge.} O-O {[#]
} 12. Bg5 $1 {[#]} f6 $146 (12... Bc5 13. Qc3) ({Predecessor:} 12... Bxg5 13.
Qxd5 Bxd5 14. Nxg5 Bxg2 15. Kxg2 Nc6 16. Rac1 Rac8 17. Red1 Ne5 18. Ne4 h6 {
1/2-1/2 (35) Dubov,D (2654)-Lysyj,I (2673) Chita 2015}) 13. Be3 Qxd4 14. Nxd4
Bxg2 15. Kxg2 Kf7 16. Red1 Rc8 (16... Na6 $11) 17. Rac1 Na6 (17... Rxc1 $14 18.
Rxc1 Bc5) 18. Rxc8 $16 Rxc8 19. Nb5 Nb4 20. Nxa7 (20. Rd7 $1 $16 {Strongly
threatening Nd6+.} Rc2 21. Rxa7) 20... Rc2 $14 21. Rd2 Rxd2 22. Bxd2 Nxa2 {
[%mdl 4096] Endgame KBN-KBN} 23. Be3 Bc5 24. Kf3 Ke8 {[#]} (24... Nb4 $11) 25.
Nc8 $1 $16 Bf8 26. Nxb6 Nb4 27. Bd2 Kd8 28. Nc4 Kc7 29. e4 Nc6 30. Bc3 e5 31.
Ne3 Kd7 32. Nd5 Na7 33. Ke2 Nb5 34. Kd3 Kc6 35. f4 exf4 36. gxf4 (36. Nxf4 $142
Bd6 37. Ne6) 36... Bc5 (36... Nxc3 $16 37. Nxc3 (37. Kxc3 f5 $14) 37... Bd6)
37. h3 Bg1 38. Ne7+ Kd7 39. Nf5 ({Better is} 39. Bb4 $16) 39... g6 (39... Nxc3
$14 40. bxc3 (40. Kxc3 g6 $16) 40... Bh2) 40. Nd4 $18 ({Stronger than} 40. Bxf6
gxf5 41. exf5 Bc5 $15) 40... Bxd4 (40... Nxc3 41. bxc3 Bh2) 41. Bxd4 {KB-KN} f5
$2 (41... Ke6 42. Bc5 Kd7) 42. exf5 gxf5 43. Be5 Kc6 {[#]} 44. Ke3 $2 (44. Kc4
$1 $18 {is the precise move to win.}) 44... Kd5 $16 45. Kf3 Na7 46. b4 (46. b3
$16) 46... Kc4 $1 $11 {The position is equal.} 47. Bd6 Nc6 48. Kg3 (48. Ke3 {
keeps more tension.} Nd4 49. Kf2 Ne6 50. Kg3 Nd8 51. Kh4) 48... Kd5 49. Bf8 Nd4
50. Bc5 Ne2+ 51. Kf3 Nc3 52. Ke3 Kc4 53. Bd6 (53. h4 {with more complications.}
Nd5+ 54. Ke2 Nxf4+ 55. Kf3 Ne6 56. Be7) 53... Nd5+ 54. Kf3 (54. Kd2 {is more
complex.} Nxb4 55. Ke2 Nd5 56. Be5 Ne7 57. Ke3) 54... Nxb4 55. Kg3 {And now
Bxb4 would win.} Nc6 56. Kh4 Kd5 57. Bc7 Ke4 58. Kg5 Nd4 {...Ne6+ is the
strong threat.} 59. Kh6 Ne6 60. Bb8 Nxf4 61. h4 Ng2 62. h5 f4 63. Bxf4 Nxf4 64.
Kxh7 Nxh5 {Blacks defense is rewarded with a draw.  Weighted Error Value:
White=0.21/Black=0.23} 1/2-1/2

[Event "Hasselbacken Open 2021"]
[Site "Stockholm"]
[Date "2021.11.05"]
[Round "1.6"]
[White "Lindberg, Bengt"]
[Black "Sparv, Joakim"]
[Result "1-0"]
[WhiteElo "2378"]
[BlackElo "1846"]
[Annotator "ChessBase"]
[PlyCount "105"]
[EventDate "2021.11.05"]
[EventType "swiss"]
[EventCountry "SWE"]
[SourceTitle "playchess.com"]
[Source "ChessBase"]
[SourceQuality "1"]
[TimeControl "900+5"]

1. e4 {[%emt 0:00:03]} c5 {[%emt 0:00:05]} 2. Nf3 {[%emt 0:00:02]} d6 {[%emt 0:
00:06]} 3. d4 {[%emt 0:00:04]} cxd4 {[%emt 0:00:04]} 4. Nxd4 {[%emt 0:00:04]}
Nf6 {[%emt 0:00:07]} 5. Nc3 {[%emt 0:00:03]} a6 {[%emt 0:00:06]} 6. Be3 {
[%emt 0:00:04]} e5 {[%emt 0:00:09]} 7. Nb3 {[%emt 0:00:03]} Be6 {[%emt 0:00:10]
} 8. f3 {[%emt 0:00:04]} Be7 {[%emt 0:00:16]} 9. Qd2 {[%emt 0:00:04]} O-O {
[%emt 0:00:06]} 10. O-O-O {[%emt 0:00:05]} b5 {[%emt 0:00:49]} 11. g4 {[%emt 0:
00:13]} b4 {[%emt 0:00:15]} 12. Nd5 {[%emt 0:00:12]} Bxd5 {[%emt 0:00:11]} 13.
exd5 {[%emt 0:00:03]} Qc7 {[%emt 0:00:26]} 14. g5 {[%emt 0:01:03]} Nfd7 {
[%emt 0:01:05]} 15. Qxb4 {[%emt 0:02:47]} Rc8 {[%emt 0:00:54]} 16. Bd3 {
[%emt 0:00:11]} a5 {[%emt 0:00:06]} 17. Qa4 {[%emt 0:01:14]} Nb6 {[%emt 0:02:
03]} 18. Qe4 {[%emt 0:00:54]} g6 {[%emt 0:00:09]} 19. a4 {[%emt 0:00:36]} Nc4 {
[%emt 0:01:48]} 20. h4 {[%emt 0:01:38]} Na6 {[%emt 0:00:53]} 21. Bxc4 {[%emt 0:
01:41]} Qxc4 {[%emt 0:00:07]} 22. Qxc4 {[%emt 0:00:03]} Rxc4 {[%emt 0:00:02]}
23. Nxa5 {[%emt 0:00:09]} Rxa4 {[%emt 0:01:00]} 24. Nc6 {[%emt 0:00:02]} Bf8 {
[%emt 0:01:00]} 25. c3 {[%emt 0:00:05]} Nb8 {[%emt 0:00:57]} 26. Nb4 {[%emt 0:
00:57]} h5 {[%emt 0:00:37]} 27. Kc2 {[%emt 0:00:42]} Nd7 {[%emt 0:00:58]} 28.
Rb1 {[%emt 0:00:51]} f5 {[%emt 0:00:19]} 29. b3 {[%emt 0:00:21]} R4a5 {[%emt 0:
00:09]} 30. Rhd1 {[%emt 0:00:05]} f4 {[%emt 0:01:22]} 31. Bg1 {[%emt 0:00:20]}
Nc5 {[%emt 0:00:02]} 32. Bxc5 {[%emt 0:00:12]} Rxc5 {[%emt 0:00:02]} 33. c4 {
[%emt 0:00:14]} Rca5 {[%emt 0:00:26]} 34. Nc6 {[%emt 0:00:21]} Ra3 {[%emt 0:00:
08]} 35. Rd3 {[%emt 0:00:27]} Kf7 {[%emt 0:00:01]} 36. b4 {[%emt 0:00:23]} R3a4
{[%emt 0:00:01]} 37. Rdb3 {[%emt 0:00:16]} Be7 {[%emt 0:00:02]} 38. Kd3 {
[%emt 0:00:10]} Ra2 {[%emt 0:01:14]} 39. R1b2 {[%emt 0:00:06]} Ra1 {[%emt 0:00:
00]} 40. c5 {[%emt 0:00:29]} Rh1 {[%emt 0:00:00]} 41. b5 {[%emt 0:00:24]} Rxh4
{[%emt 0:00:00]} 42. b6 {[%emt 0:00:06]} Rh3 {[%emt 0:00:11]} 43. b7 {[%emt 0:
00:09]} Rxf3+ {[%emt 0:00:01]} 44. Ke2 {[%emt 0:00:07]} Rxb3 {[%emt 0:00:01]}
45. Rxb3 {[%emt 0:00:01]} Rh8 {[%emt 0:00:05]} 46. b8=Q {[%emt 0:00:11]} Rxb8 {
[%emt 0:00:01]} 47. Rxb8 {[%emt 0:00:01]} Bxg5 {[%emt 0:00:01]} 48. cxd6 {
[%emt 0:00:09]} e4 {[%emt 0:00:02]} 49. d7 {[%emt 0:00:16]} f3+ {[%emt 0:00:01]
} 50. Kf2 {[%emt 0:00:16]} Bh4+ {[%emt 0:00:01]} 51. Ke3 {[%emt 0:00:02]} f2 {
[%emt 0:00:01]} 52. Rb1 {[%emt 0:00:03]} g5 {[%emt 0:00:04]} 53. d8=Q {[%emt 0:
00:03]} 1-0

[Event "Hasselbacken Open 2021"]
[Site "Stockholm"]
[Date "2021.11.05"]
[Round "3.3"]
[White "Torngren, Gustav"]
[Black "Pantzar, Milton"]
[Result "0-1"]
[WhiteElo "2215"]
[BlackElo "2441"]
[Annotator "TA"]
[PlyCount "68"]
[EventDate "2021.11.05"]
[EventType "swiss"]
[EventCountry "SWE"]
[SourceTitle "playchess.com"]
[Source "ChessBase"]
[SourceQuality "1"]

{[%evp 9,68,7,15,31,20,15,16,24,31,20,103,106,118,110,113,84,75,82,83,37,34,23,
24,16,18,17,20,-28,0,0,20,21,17,15,23,29,269,265,389,408,406,404,389,383,414,
406,445,439,514,531,594,394,351,0,0,-836,-817,-5285,-5169,-29981,-29982]} 1. e4
c6 2. Nf3 d5 3. e5 Bg4 4. Be2 e6 5. O-O c5 6. c4 {[#] B10: Caro-Kann: 2 d3 and
2 c4.} d4 $146 ({Predecessor:} 6... Nc6 7. cxd5 Qxd5 8. Qa4 Bxf3 9. Bxf3 Qd7
10. Bxc6 Qxc6 11. Qxc6+ bxc6 12. b3 Ne7 {1/2-1/2 (45) Tomek,D (2513)-Doderer,H
(2377) Remote email 2012}) 7. d3 Nc6 8. h3 {The position is equal.} Bh5 {[#]}
9. Nxd4 $1 cxd4 (9... Bxe2 $11 {remains equal.} 10. Nxe2 Nxe5) 10. Bxh5 $16
Nxe5 11. Re1 $1 {[%cal Re1e5]} Bd6 12. Bf4 Ng6 13. Bxd6 Qxd6 14. Bf3 N8e7 15.
Nd2 O-O $1 16. Ne4 Qc7 17. b4 Nc6 18. Qb3 Nce5 19. Be2 f5 20. Ng5 Qe7 21. Nf3
Nxf3+ 22. Bxf3 {And now Rxe6! would win.} Rae8 $2 {[#]} (22... Kh8 $11 {
and Black stays safe.}) 23. Rxe6 $3 $18 {[%mdl 512]} Qg5 (23... Qd7 {might
work better.}) 24. c5 Kh8 25. Rxe8 Rxe8 26. Bxb7 Re7 27. Bd5 Nf4 28. Kf1 h5 29.
Bf3 Ng6 30. Qb2 Qf4 {[#]} 31. Re1 $2 ({Not} 31. Bxh5 $2 {[#]} Qh2 $1 $19) ({
White has to play} 31. Kg1 $1 $18) 31... Ne5 $1 $11 {[%cal Re5d3]} 32. Qe2 {
[%mdl 8192]} ({Reject} 32. Bxh5 Qh2 $17) (32. Rxe5 $11 Rxe5 33. c6 (33. Bxh5 {
is a self mate.} Qh2 34. f4 Qh1+ 35. Kf2 Qe1+ 36. Kf3 Re3#)) 32... Qh2 $19 {
[%cal Rh2h1]} 33. g3 Nxf3 34. Qxf3 Qxh3+ {What a bad dream for White.
Weighted Error Value: White=0.81/Black=0.32} 0-1

[Event "Hasselbacken Open 2021"]
[Site "Stockholm"]
[Date "2021.11.05"]
[Round "4.9"]
[White "Grahn, Vidar"]
[Black "Falkevall, Axel"]
[Result "1/2-1/2"]
[WhiteElo "1756"]
[BlackElo "2276"]
[Annotator "TA"]
[PlyCount "82"]
[EventDate "2021.11.05"]
[EventType "swiss"]
[EventCountry "SWE"]
[SourceTitle "playchess.com"]
[Source "ChessBase"]
[SourceQuality "1"]

{[%evp 15,82,23,14,-14,7,0,28,28,30,31,27,27,27,30,30,27,41,-95,-86,-135,-135,
-129,-64,-65,-56,-60,-54,-111,-99,-102,-97,-100,-73,-83,-82,-77,-30,-29,-6,-6,
-10,-14,20,-47,35,45,76,8,8,4,7,0,26,22,81,71,75,36,66,0,0,0,0,0,0,0,0,0,0]} 1.
Nf3 Nf6 2. g3 g6 3. Bg2 Bg7 4. O-O O-O 5. d4 d6 6. c4 Nc6 7. Nc3 e5 8. dxe5
dxe5 $1 {The main line 8...dxe5 scores better than 8...Nxe5.} 9. e4 {E62:
King's Indian: Fianchetto: 6...c6 and Panno Variation (6...Nc6) without ...a6.}
Be6 10. b3 h6 11. Bb2 {[#] White has an edge.} Qxd1 $146 ({Predecessor:} 11...
Nd7 12. Qc2 f5 13. Nh4 Nd4 14. Qd1 Kh7 15. exf5 gxf5 16. Ne2 c5 17. Re1 Bf6 {
0-1 (31) Terbe,J (1862)-Puzko,D (1958) Liptovsky Mikulas 2012}) 12. Raxd1 Bg4
13. h3 Bxf3 14. Bxf3 Nd4 15. Bg2 c6 16. f4 (16. Na4 $14 {stays ahead.}) 16...
Nh5 $17 17. Kh2 {[#]} exf4 $1 18. gxf4 Ne6 (18... Rad8 $17 19. Nd5 cxd5 20.
Bxd4 dxc4 21. Bxg7 Kxg7 22. bxc4 Rxd1 23. Rxd1 Nxf4) 19. f5 $15 Be5+ 20. Kg1
Nef4 21. Rd2 (21. Na4 $1 $15 Bxb2 22. Nxb2) 21... Rad8 22. Rfd1 Rxd2 23. Rxd2
Ng3 {[#] White must now prevent ...Bxc3.} 24. Na4 Bxb2 25. Nxb2 Re8 26. fxg6 $1
Nxg6 27. Rd7 Nf4 28. Kf2 Ngh5 (28... Nxe4+ {with more complications.} 29. Bxe4
Rxe4 30. Kf3 f5 31. Rxb7 a5) 29. Rxb7 (29. Nd1 $11) 29... Nxg2 ({Black should
play} 29... Rd8 $1 $15 30. Bf3 Rd2+ {[%mdl 64] Double Attack} 31. Ke3 Rxb2 32.
Rxa7 Ng2+ 33. Bxg2 Rxg2) 30. Kxg2 $14 Rxe4 $11 {[%mdl 4096] Endgame Threatens
to win with ...Re2+. KRN-KRN} 31. Na4 (31. Kf3 $16 Rf4+ 32. Ke2) 31... Re2+ 32.
Kf3 Rxa2 33. Rxa7 Ra3 (33... Ng7 {feels hotter.} 34. Ra8+ Kh7 35. Rf8 Ra3 36.
Rb8 Ne6) 34. Rb7 Kg7 (34... Ng7 $11) 35. Nc5 Ra1 36. Rb6 Rf1+ 37. Kg2 ({
White should try} 37. Ke2 $14 Rf6 38. Nd3) 37... Rf6 {The position is equal.}
38. b4 Nf4+ 39. Kg3 Ne2+ 40. Kg2 Nf4+ 41. Kg3 Ne2+ {Weighted Error Value:
White=0.28/Black=0.18} 1/2-1/2